The interaction of Catholic biothics and secular society: proceeding of The Eleventh Bishops Workshop Dallas, Texas

Wedi'i Gadw mewn:
Manylion Llyfryddiaeth
Fformat: Llyfr
Iaith:Saesneg
Cyhoeddwyd: Saint Louis The Pope John Center 1992
Pynciau:
Tagiau: Ychwanegu Tag
Dim Tagiau, Byddwch y cyntaf i dagio'r cofnod hwn!

MARC

LEADER 00000nam a2200000 a 4500
001 UCX7934
003 CL-VaPUC
008 940113e19920000US |||||||||||||||||eng|d
082 0 4 |a 174.2  |b INT  |2 21 
245 1 4 |a The interaction of Catholic biothics and secular society: proceeding of The Eleventh Bishops Workshop Dallas, Texas 
300 |a 310 p 
942 |c BK 
945 |d 19940113 00:00:00  |a aalvarez 
260 |a Saint Louis  |b The Pope John Center  |c 1992 
650 0 |a Bioética  |9 256117 
650 0 |a Ética médica  |9 312024 
583 |a last modification  |c 19940113 00:00:00  |k Rodrigo Vera 
999 |c 329264  |d 329262 
952 |0 0  |1 2  |4 0  |6 174_200000000000000_INT_1992  |7 0  |8 A  |9 413642  |a BIBTEO  |b BIBTEO  |d 2019-11-22  |i 2946858  |o 174.2 INT 1992  |p 2946858  |r 2019-11-22  |w 2019-11-22  |x Descarte 2019  |y BK  |k ICR